| 000 | 00790cam a2200265 4500 | ||
|---|---|---|---|
| 001 | 4547506 | ||
| 003 | ARRUPE | ||
| 005 | 20140207141544.0 | ||
| 008 | 701119s1969 sa 000 1 eng | ||
| 010 | _a 70519072 | ||
| 015 | _aSANL | ||
| 040 |
_aDLC _cDLC _dDLC |
||
| 043 |
_af-sa--- _af-bs--- |
||
| 050 | 0 | 0 |
_aPZ4.B7425 _bMaf4 _aPR9369.3.B6 |
| 082 | 0 | 0 | _a823 |
| 100 | 1 |
_aBosman, Herman Charles, _d1905-1951. _98551 |
|
| 245 | 1 | 0 | _aMafeking road. |
| 260 |
_aCape Town, _bHuman and Rousseau _c[1969] |
||
| 300 |
_a166 p. _c22 cm. |
||
| 350 | _a2.50 | ||
| 651 | 0 |
_aMarico River Region (Botswana and South Africa) _xFiction. _98552 |
|
| 651 | 0 |
_aSouth Africa _xSocial life and customs _vFiction. _98553 |
|
| 906 |
_a7 _bcbc _corignew _d3 _encip _f19 _gy-gencatlg |
||
| 942 |
_2lcc _cMONOGRAPH |
||
| 999 |
_c120014 _d120014 |
||